Chickens aren't the only ones / (Record no. 6653)

MARC details
000 -LEADER
fixed length control field 00959nam a22002897a 4500
001 - CONTROL NUMBER
control field 6653
003 - CONTROL NUMBER IDENTIFIER
control field FISKH
005 - DATE AND TIME OF LATEST TRANSACTION
control field 20250807160331.0
008 - FIXED-LENGTH DATA ELEMENTS--GENERAL INFORMATION
fixed length control field 250519b cb ||||| |||| 00| 0 eng d
020 ## - INTERNATIONAL STANDARD BOOK NUMBER
International Standard Book Number 0590426001
040 ## - CATALOGING SOURCE
Original cataloging agency FISKH
Language of cataloging eng
Transcribing agency FISKH
Modifying agency FISKH
050 ## - LIBRARY OF CONGRESS CALL NUMBER
Classification number QP251 .H44
082 ## - DEWEY DECIMAL CLASSIFICATION NUMBER
Classification number 596.1468
100 ## - MAIN ENTRY--PERSONAL NAME
Personal name Heller, Ruth
Dates associated with a name (1923–2004)
245 ## - TITLE STATEMENT
Title Chickens aren't the only ones /
Statement of responsibility, etc. By Ruth Heller
250 ## - EDITION STATEMENT
Edition statement This edition first published in 1981
260 ## - PUBLICATION, DISTRIBUTION, ETC.
Place of publication, distribution, etc. New York :
Name of publisher, distributor, etc. Scholastic,
Date of publication, distribution, etc. 1981
300 ## - PHYSICAL DESCRIPTION
Extent 38 unnumbered pages :
Other physical details color illustrations ;
Dimensions 21 cm
505 ## - FORMATTED CONTENTS NOTE
Formatted contents note P<br/>
520 ## - SUMMARY, ETC.
Summary, etc. A pictorial introduction to the animals that lay eggs, including chickens as well as other birds, reptiles, amphibians, fishes, insects, and even a few mammals.<br/>
521 8# - TARGET AUDIENCE NOTE
Target audience note 620<br/>
Source Lexile<br/>
521 8# - TARGET AUDIENCE NOTE
Target audience note P<br/>
Source Raz-Plus<br/>
650 ## - SUBJECT ADDED ENTRY--TOPICAL TERM
Source of heading or term Animals
Topical term or geographic name entry element Oviparous animals
650 ## - SUBJECT ADDED ENTRY--TOPICAL TERM
Source of heading or term Reproduction
Topical term or geographic name entry element Reptiles
942 ## - ADDED ENTRY ELEMENTS (KOHA)
Source of classification or shelving scheme Dewey Decimal Classification
Koha item type Books
Suppress in OPAC No
Holdings
Withdrawn status Lost status Source of classification or shelving scheme Damaged status Not for loan Collection Home library Current library Shelving location Date acquired Total Checkouts Full call number Barcode Date last seen Copy number Price effective from Koha item type
    Dewey Decimal Classification     Juvenile Fiction Footprints International School Library Network Toul Tom Poung Campus Footprints International School Library Network Toul Tom Poung Campus TTP Primary Yellow Bookshelves 05/19/2025   HEL 596.1468 QP251 .H44 FISTK02381 05/19/2025 1 05/19/2025 Books
    Dewey Decimal Classification     Juvenile Fiction Footprints International School Library Network Toul Tom Poung Campus Footprints International School Library Network Toul Tom Poung Campus TTP Primary Yellow Bookshelves 08/07/2025   HEL 596.1468 QP251 .H44 FISBK01056 08/07/2025 2 08/07/2025 Books